Statistics for Mikhail Bulgakov Bibliography

Click here to take the quiz!

General Stats

  • This quiz has been taken 7 times
  • The average score is 4 of 51

Answer Stats

TypeYearName% Correct
Novel1967The Master and Margarita
100%
Play1991The White Guard
57%
Novel1926The White Guard
57%
Novel1925Heart of a Dog
43%
Short Story1972Diaboliad
29%
Short Story Collection1925A Country Doctor's Notebook
14%
Novel2005Black Snow: A Theatrical Novel
14%
Play1991Flight
14%
Short Story1925Morphine
14%
Play Collection1990Peace Plays: Two
14%
Play1991The Cabal of Hypocrites
14%
Short Story1972The Fatal Eggs
14%
Novella1925The Fatal Eggs
14%
Play1991The Last Days
14%
Play1991Zoya's Apartment: A Tragic Farce in Three Acts
14%
Short Story1972A Chinese Tale
0%
Play1991Adam and Eve
0%
Novel2007A Dead Man's Memoir: A Theatrical Novel
0%
Short Story1972A Treatise on Housing
0%
Short Story1925Baptism by Rotation
0%
Short Story1991Benefit Performance for Lord Curzon
0%
Short Story1925Black as Egypt's Night
0%
Short Story1991Bohemia
0%
Short Story Collection1972Diaboliad and Other Stories
0%
Short Story1972Four Portraits
0%
Play1991Madame Zoyka
0%
Short Story1972Moonshine Lake
0%
Short Story1991Moscow, City of Churches
0%
Short Story1991Moscow Scenes
0%
Short Story1972No. 13: The Elpit-Rabkommum Building
0%
Short Story1991Notes on the Cuff
0%
Short Story Collection1991Notes on the Cuff & Other Stories
0%
Short Story1972Psalm
0%
Short Story1991Red Stone Moscow
0%
Play Collection1991Six Plays
0%
Short Story1962The Adventures of Chichikov
0%
Short Story1925The Blizzard
0%
Short Story1991The Capital in a Notebook
0%
Short Story1991The City of Kiev
0%
Short Story1972The Crimson Island
0%
Play Collection1972The Early Plays of Mikhail Bulgakov
0%
Short Story1925The Embroidered Towel
0%
Short Story1991The Komarov Case
0%
Short Story1925The Murderer
0%
Short Story1991The Night of the Third
0%
Short Story1972The Raid
0%
Short Story1922The Red Crown
0%
Short Story1925The Speckled Rash
0%
Short Story1925The Steel Windpipe
0%
Short Story1925The Vanishing Eye
0%
Short Story1991Travel Notes
0%

Score Distribution

Percentile by Number Answered

Percent of People with Each Score

Your Score History

You have not taken this quiz